000 00824nab a2200241 u 4500
001 13953
003 HDC
007 cr bn ---aaaaa
008 210214c xx dr|noo 0 a eng d
040 _aHDC
245 0 _aHere's what is in store for the meat industry in India
260 _a[No place] :
_b[publisher not identified],
_c[no date]
336 _atext
_2rdacontent
337 _acomputer
_2rdamedia
338 _aonline resource
_2rdacarrier
650 _aHalal food industry
_zIndia
_914629
650 _aMeat industry and trade
_9161
710 _aWorld Economic Forum
856 _zRequest full-text at [email protected]
942 _2lcc
942 _cNEWS
942 _kNWSO 001835
999 _c11269
_d11269